000 00370nam a22001337a 4500
020 _a9789380235592
082 _a664.
_bJOS/FO
245 _aFood Processing Waste Management : Treatment and Utilization Technology.
260 _aNew Delhi
_bNew India Publishing Agency
_c2011
300 _a472
700 _aJoshi, V.K.
_9404
700 _aSharma S.K.
_91157
942 _cBK
999 _c14660
_d14660